000 00860nam a2200217Ia 4500
001 15460
003 GE_BSU
008 181216s||||||||xx |||||||||||||| ||und||
040 _cGE_BSU
080 _a821.353.1-32
100 _aჩხეიძე,ოთარ
245 _aორტომეული. ტ.2. ლანდები. ნაკრძალი. ჩემი სოფლის ეტიუდები
245 _bრომანები
245 _cრედ.ალ.გომიაშვილი. მხატვ. გ.წერეთელი
260 _aთბილისი
260 _bსაბჭოთა საქართველო
260 _c1974
300 _a568გვ.20სმ.
653 _aლანდები. ნაკრძალი. ჩემი სოფლის ეტიუდები
942 _cBK
999 _c48563
_d48563